00780nam a2200253 u 450000100100000000500170001000800410002702000150006804100090008304300120009208200210010424501350012525000120026026000500027230000150032250000380033750000140037550000140038950000190040365000270042265000240044965000210047370000320049400005632720200120223232.0130614s2005 sp gr 000 0 spa d a84958184340 a|spa ae-sp---04a646.724bE2222100aEdición profesional de peluqueria estilo = Style professional hairdressing edition : /ccreación : David Fernández García. a1a. ed. aMálaga (España) :bEdiciones Daly,c2005. av. :bfot. aTextos en español y en inglés av.1 Women av.2 Women av.3 Men & kids14aPeluqueriaxTécnicas24aPeinadoxTécnicas24aBelleza personal1 aGernández García, David